000 00813nam a2200157Ia 4500
008 100122s9999 xx 000 0 und d
082 _b64739
_a820.4
100 _aभांड बाबा
245 _aतंटया भिल्ल आणि शेतकरी आदिवासी उठाव : संदर्भ साहित्य
260 _bसाकेत प्रकाशन
_c2004
300 _a208
630 _aतंटया भिल्ल आणि शेतकरी आदिवासी उठाव : संदर्भ साहित्य
700 _aदेशपांडे विश्वनाथ
730 _aतंटया भिल्ल आणि शेतकरी आदिवासी उठाव : संदर्भ साहित्य
942 _cBOOK
999 _c438152
_d438149